000 00329nam a2200133Ia 4500
005 20251222142004.0
008 251222s9999||||xx |||||||||||||| ||spa||
020 _a9972-753-10-7
082 _a515.353/I66
100 _aIório, Valéria
245 0 _aEDP:
264 _bInstituto de Matemética y Ciencias Afines
942 _cLIB
999 _c10121
_d10121